MDQL
is popping MORE tags! Check the
thread
!
Quizzes
Events
Quiz Creation
Community
Videos
Private Events
Remove Ads
Sign In
Join for FREE
Feedback
Dark Mode
Quiz Categories
Sports
Geography
Music
Movies
Television
Just For Fun
Miscellaneous
History
Literature
Language
Science
Gaming
Entertainment
Religion
Holiday
For Kids
Quiz Lab
Recent
Popular Today
Quiz Kudos Today
Editor Picks
Curator Picks
Quizzes by...
Day
Popularity
Type
Ratings
Length
Year
Community
Subscriptions
Recent Discussions
Orange Saloon
Badges
Playlists
Quests
Create
Leaderboards
Showdown
Live 5
Trivia Bingo
Activity
Puzzle Library
Sporcle Events
Private Events
Virtual Trivia
Globe League
Become a Host
Pub Owners
SporcleCon
Opinionation
Our Games
Videos
Blog
Mobile Apps
Partnerships
Remove Ads and Go Orange
Feedback
Sports
Athletes
MLB
NBA
NHL
NFL
Soccer
Sports Teams
WWE
NCAA
Football
Premier League
Basketball
Baseball
Hockey
Golf
Tennis
Cricket
Rugby
Auto Racing
Olympics
World Cup
Sports
Athletes
MLB
NBA
NHL
NFL
Soccer
Sports Teams
WWE
NCAA
Football
Premier League
Basketball
Baseball
Hockey
Golf
Tennis
Cricket
Rugby
Auto Racing
Olympics
World Cup
Random Quiz
Search Sporcle
×
Quiz Lab
Quiz Lab
Sports
NFL
Type in answers that appear in a list
Type in answers that appear in a list
Classic
Best Score? Go Orange.
NFL Yearly Yds/Rush Att Leaders Stats
Can you name the NFL yearly yards per rushing attempt leaders (Since 1970)?
By
MM008
8m
41 Questions
140 Plays
140 Plays
140 Plays
Comments
Comments
Give Quiz Kudos
Give Quiz Kudos
-
- Ratings
hide this ad
More Info
Replay
Link that replays current quiz
Next Quiz
Link to next quiz in quiz playlist
You Got
0%
They Got
Avg Score
60%
Avg Friend Score
Upgrade to see
Score Distribution
Jump to the score distribution portion of the page
Score
0/41
Timer
08:00
0
Plays Today
Season
% Correct
2010
Michael Vick
93.6%
2006
Michael Vick
93.6%
2005
Michael Vick
93.6%
2004
Michael Vick
93.6%
2002
Michael Vick
93.6%
2001
Marshall Faulk
90.7%
2000
Marshall Faulk
90.7%
1999
Marshall Faulk
90.7%
1998
Terrell Davis, Garrison Hearst
90%
1994
Barry Sanders
89.3%
1993
Emmitt Smith
88.6%
2009
Jamaal Charles, Felix Jones
87.9%
1991
Thurman Thomas
85%
1970
Duane Thomas
85%
1990
Randall Cunningham
84.3%
1989
Randall Cunningham
84.3%
1977
Walter Payton
82.1%
1975
O.J. Simpson
82.1%
1971
Larry Csonka
77.1%
1980
Earl Campbell
75%
1997
Steve McNair
67.1%
Season
% Correct
2003
Clinton Portis
66.4%
1988
Ickey Woods
62.1%
1973
Mercury Morris
61.4%
2008
Derrick Ward
59.3%
1982
Freeman McNeil
52.1%
1986
James Brooks
45%
1996
Napoleon Kaufman
40.7%
1972
Bobby Douglass
36.4%
2007
Jerious Norwood
35.7%
1974
Otis Armstrong
31.4%
1995
Charlie Garner
27.9%
1979
Wendell Tyler
27.9%
1985
Stump Mitchell, Gerry Ellis
22.9%
1987
Darrin Nelson
20%
1981
Tony Nathan
16.4%
1992
Heath Sherman
13.6%
1983
Mosi Tatupu
10.7%
1976
Don Calhoun
8.6%
1984
Hokie Gajan
4.3%
1978
Ted McKnight
3.6%
Quiz Playlist
Details
Report
Send in Message
Add To Playlist
More Info:
* Denotes quarterback
Classic:
Type in answers that appear in a list
Quiz Source
Last Updated: Feb 16, 2017
Quiz Scoreboard
CHALLENGE
Sign Up to Join the Scoreboard
Show All
Scores
Hide
Comments
May contain spoilers
Recently Published
Two Season TV Shows II
by 123Four
Television
10m
Image Sorting: Flags VI
by Barbecue
Geography
2m
Find the 'City' Movie
by crazypaving
Movies
60s
More to Explore
Quiz From the Vault
Featured Blog Post
14 Easter Pick-up Lines to Find Eggs With
hide this ad
You Might Also Like...
Tags
NFL Quiz
1970s
att
attempt
rush
Rushing
season
team
Yard
Yds
Today's Top Quizzes in Sports
Browse Sports
hide this ad
Today's Top Quizzes in NFL
Browse NFL
Top Contributed Quizzes in Sports
1
Les meilleurs buteurs des matchs entre le PSG et l’OM
2
Les entraîneurs de l'OM et du PSG au 21e siècle
3
2022 World Cup Stars
4
Les joueurs passés par le PSG et l'OM
5
Players with Multiple 50 Home Run Seasons
6
FIFA Club World Cup Champions
7
Criteria MLB: Left Handed Sluggers
8
Les joueurs passés par le LOSC et le RC Lens
9
Top 10 NHL Goal Scorers of All Time
10
NBA Logic Puzzle 2.0
Explore More
Trending Topics
Harry Potter
Anime
NBA
Kpop
Disney
Marvel
Crossword
Soccer
Puzzle
The Office
Song
NFL
Country
Pokémon
WWE
hide this ad
More By:
MM008
Quiz
Plays
Rating
Category
Featured
Created
NFL 3,000-Passing Yard Seasons by Team
145,090
4.52
Sports
Nov 18, 2010
NFL Players with Multiple MVPs
71,975
4.54
Sports
Apr 8, 2010
NFL 1,000 Yard Receivers on Multiple Teams
58,461
4.39
Sports
Aug 12, 2011
NFL QBs with 100+ TD passes with a Team
19,185
4.39
Sports
Aug 1, 2010
NBA Most Double-Double Games
5,991
4.33
Sports
May 27, 2011
Go to Creator's Profile
Score Distribution
Quiz Creator Spotlight
MM008
Follow
Send a Message
Quizzes Created
-
Created Quiz Play Count
-
More By This Creator
Popular Quizzes Today
1
Find the US States - No Outlines Minefield
2
Colored Red Africa Blitz
3
Find the 'City' Movie
4
5x2 Blitz: Bands
5
The Countries of the World
6
Find the Countries of Europe - No Outlines Minefield
7
Find the US States
8
US States
More Sports Quizzes
Any NFL Team Besides the Bears
Published
Trending Quizzes
Colored Red Europe Blitz I
Colored Red Africa Blitz II
Colored Red Europe Blitz II
Colored Red Africa Blitz III
Even More Two Season TV Shows
Recently Updated
March Madness Men's Triple Doubles
pecheneg
How Do You Spell That?
pecheneg
Godzilla Movies
pecheneg
Grab Bag: 4-10 Letters
pecheneg
2024 March Madness Bracket
pecheneg
Famous TV Couples
Peacemaker
Champions League XIs: Real Madrid
pecheneg
Largest US Cities 1790-2010
pecheneg
Rides in Walt Disney World
pecheneg
Most Oscar Losses (Acting)
pecheneg
Trending Topics
Crossword
Disney
Anime
Harry Potter
NBA
Marvel
Kpop
NFL
Pokémon
Song
The Office
WWE
Soccer
Puzzle
Country
Your Account Isn't Verified!
In order to create a playlist on Sporcle, you need to verify the email address you used during registration. Go to your
Sporcle Settings
to finish the process.
Report this User
Report this user for behavior that violates our
Community Guidelines
.
Details:
Send Report
Go to the Sporcle.com Mobile Site →
Comments